LEADER 01007nam a2200241 u 4500 001 000000121100 003 CaOOAMICUS 005 20100409105751.0 008 100409t1975 it u000 u ita r 040 $aPUL$bita$dMCT 100 1 $aBonomi, Andrea,$d1940-$0(OLS)http://pul/name/13522 245 13$aLe vie del riferimento :$buna ricerca filosofica /$cAndrea Bonomi. 260 $aMilano :$bBompiani,$c©1975. 300 $a142 p. ;$c22 cm 490 1 $aStudi Bompiani ;$v16 500 $aComprende bibliografia e indice analitico. 650 4$aFilosofia$xStudi$ySec. XIX-XX.$0(OLS)http://pul/subject/22083 830 0$aStudi Bompiani ;$v16.$0(OLS)http://pul/title/76462 850 $aPUL 852 $aPUL$W1$xDP1 Filosofia 1$y19$m587 L 28$j138852$qStampati$B138092$CPULBib$Z2$F138092 $H63873 $82 941 1 $a8 996 $6245$aLe vie del riferimento :$buna ricerca filosofica$9(OLS)http://pul/title/152295 996 $6260$aMilano :$bBompiani$9(OLS)http://pul/publisher/48240 LEADER 01339nam a2200313 a 4500 001 000000126830 003 CaOOAMICUS 005 20111104152929.0 008 111104s2008 it bdf u000 u ita r 020 $a978-88-430-4685-0 040 $aPUL$bita 082 04$a035 110 2 $aSocietà Geografica Italiana.$0(OLS)http://pul/name/80492 245 10$aAtlante dell'immigrazione in Italia /$cSocietà Geografica Italiana ; a cura di Fabio Amato. 260 $aRoma :$bCarocci,$c©2008. 300 $a139 p. :$bc. geogr., grafici, tav. ;$c22 cm. 490 1 $aQuality paperbacks ;$v255 504 $aComprende riferimenti bibliografici e indice. 650 4$aImmigrati$zItalia.$0(OLS)http://pul/subject/19693 700 1 $aAmato, Fabio.$0(OLS)http://pul/name/80914 830 0$aQuality paperbacks (Carocci) ;$v255.$0(OLS)http://pul/title/103487 850 $aPUL 852 $aPUL$W1$xDP2 Cons. Gen., Altre Classi 3$y97$m035 COLL 1.255$j146654$qDDC 21$B145352$CPULBib$Z2$F145352 $H116421 $82 941 1 $a9 996 $6020$a978-88-430-4685-0$9(OLS)http://pul/number/148385 996 $6082$a035$9(OLS)http://pul/classification/471 996 $6245$aAtlante dell'immigrazione in Italia$9(OLS)http://pul/title/160222 996 $6260$aRoma :$bCarocci$9(OLS)http://pul/publisher/66917